000 00311nam a22001337a 4500
008 170601b xxu||||| |||| 00| 0 eng d
020 _a9780231107372
041 _aeng
080 _a93
100 _a17
101 _aSHH
245 _aETHNICITY, SECURITY AND SEPARATISM IN INDIA
_cCHADDA, M
942 _2udc
_cBK
999 _c15368
_d15368